Werder Bremen Kader - Doublesaison 2003/2004 - Statistiken

Allgemein
  • Dieses Quiz wurde 171 mal gespielt
  • Das Durchschnittsergebnis liegt bei 12 aus 29
Antwortstatistiken
Position Spieler % Korrekt
ANG Aílton
98%
MIT Johan Micoud
93%
MIT Frank Baumann
85%
ANG Ivan Klasnic
83%
MIT Tim Borowski
73%
TW Andreas Reinke
68%
VER Valérien Ismael
61%
ANG Nelson Valdez
54%
MIT Fabian Ernst
53%
ANG Angelos Charisteas
47%
VER Christian Schulz
45%
MIT Krisztian Lisztes
45%
VER Mladen Krstajic
45%
VER Paul Stalteri
44%
MIT Ümit Davala
44%
TW Pascal Borel
41%
VER Viktor Skrypnyk
40%
VER Ludovic Magnin
33%
MIT Pekka Lagerblom
25%
ANG Markus Daun
19%
MIT Simon Rolfes
19%
MIT Marco Reich
18%
VER Manuel Friedrich
16%
MIT Holger Wehlage
15%
ANG Marco Stier
14%
TW Alexander Walke
13%
MIT Ivica Banovic
11%
MIT Stefan Beckert
4%
MIT Christian Lenze
2%
Keine übereinstimmenden Quizze gefunden
Verteilung der Resultate
Anzahl Personen mit jedem Resultat
Perzentil nach korrekt beantworteten Fragen
Ihre Resultats-Entwicklung
Sie haben dieses Quiz noch nicht gespielt